000 01582nam a2200361 c 4500
003 BLK
005 20180422095657.0
008 180413b bul|||||r ||||||| ||bul||
010 _aKNG00029516000
020 _a954-570-058-0
_bиздат.: Аргус
040 _aBLK
041 _aBUL
_cBUL
080 _aАмериканска литература (на САЩ)
_b821.111(73)
_x-312.9
_z821.111(73)-312.9
100 1 _aАсприн, Робърт Лин
_eпърви автор
_9266704
700 1 _aКожухаров, Александър Георгиев
_eпрев. от англ.
_9366180
700 1 _aИкономов, Емануел Георгиев
_eпредг. от
_9364109
139 _aАсприн, Робърт Лин
_bА 92
245 1 0 _aМитично подвеждане
_bРоман
_cРобърт Лин Асприн; прев. от англ. Александър Георгиев Кожухаров; предг. от Емануел Георгиев Икономов.
257 _aUSA
260 София
_bАргус
_c1999
300 _a222 с.
_c20 см
380 _aX
490 1 _aФантастика
_v045
490 1 _3Подсерия
_aПоредица Митични приключения
_vЧ. 3
500 _aОриг. загл. Myth Directions / Robert Asprin. - Офс. изд.
653 _aфентъзи
653 _aромани
852 _aЦб 202637
856 4 _qpdf
_u
856 4 _qpdf
_u
942 _cKNG
_n0
944 _aCR
_c15.01.2003
_lф /
_kВиолета_Тройчева
944 _aED
_c15.05.2017
_lф /
_kЛюдмила_Стоянова
999 _c26954
_d26954